000 00437nam a2200157Ia 4500
003 SGT
020 _a9788176840071
082 _a530.141
_bPRA
100 _aPrasad,K.D
245 _aElectromagnetic fields and waves
260 _bSatya Publication
_aNew Delhi
_c2013
300 _a1034p.
650 _aELECTRONIC ENGINEERING
653 _aELECTROSTATICS AND STATIONARY CURRENTS,ELECTRIC FIELDS IN DIELECTRIC MATERIALS
942 _2ddc
_cBK
999 _c5778
_d5778